Guess the SCP Quiz #2 - Statistics

General Stats
  • This quiz has been taken 138 times
  • The average score is 4 of 10
Answer Stats
Hint SCP Serial Number % Correct
Creepy staircase 87
57%
The exit is changing every day so you cannot escape. 3008
52%
Creepy app that presents an entity 1471
50%
She doesn't mean any harm, Shes just a child!!! 53
46%
A yarn that looks like reddish spaghetti with eyes 66
42%
One of the first sons of Adam and eve 76
37%
That Time Train from new york every sunday! 52
32%
Wear it and you become "Invisible" 5000
29%
A female that no man should get near to 166
27%
An entity from a series of russian legends. 352
12%
No matching quizzes found
Score Distribution
Percent of People with Each Score
Percentile by Number Answered
Your Score History
You have not taken this quiz